000 00495nam a2200193Ia 4500
001 17071
003 GE_BSU
008 181216s||||||||xx |||||||||||||| ||und||
040 _cGE_BSU
080 _a821.353.1-1
245 _aლექსები
245 _cრედ.კ.ქილარჯიანი
260 _aთბილისი
260 _bსახელგამი
260 _c1956
300 _a67 გვ. ; 16 სმ.
653 _aლექსები
942 _cBK
999 _c50133
_d50133